Statistics for F1 Podiums 2016

Click here to take the quiz!

General Stats

  • This quiz has been taken 579 times
  • The average score is 10 of 11

Answer Stats

1st% Correct
Lewis Hamilton
100%
Nico Rosberg
99%
Sebastian Vettel
99%
Max Verstappen
96%
Daniel Ricciardo
95%
Kimi Raikkonen
94%
Valtteri Bottas
84%
Sergio Perez
82%
Fernando Alonso
80%
Daniil Kvyat
70%
Nico Hulkenberg
54%

Score Distribution

Percentile by Number Answered

Percent of People with Each Score

Your Score History

You have not taken this quiz